| 000 | 01074 aa a2200229 4500 | ||
|---|---|---|---|
| 005 | 20120413103441.0 | ||
| 010 | _a | ||
| 020 |
_c205.00 _a8179300951 |
||
| 035 | _aB-103903 | ||
| 037 | _bD.B.Act / pub | ||
| 082 | _a350 | ||
| 100 |
_aप्रधान, अरविन्द _945017 |
||
| 245 |
_aस्पेक्ट्रम लोक प्रशासन _b _cअरविन्द प्रधान |
||
| 250 | _a2रा संस्क | ||
| 260 |
_aनई दिल्ली _bस्पेक्ट्रम बुक्स _c2004 |
||
| 260 |
_aनई दिल्ली _b |
||
| 270 |
_aबी.7 एक्स/114 ए, सफदरजंग एन्क्लेव _bनई दिल्ली _e110029 |
||
| 300 |
_a407पृ _c24सेमी (अजिल्द) |
||
| 700 |
_aओझा, एन.एन. संपादक _944992 |
||
| 942 |
_adpl _cHN _k350 / वस्तुनि _2ddc _h350 _mप्रधान |
||
| 999 |
_c64933 _d64933 |
||